000 00621nam a2200229 a 4500
001 nice12345678
003 IN_TiNIC
005 20260116013043.0
008 050524s1999 newa grp 000 0 eng
020 _a019565
_c595
082 0 0 _a306.0899145
_bGUH1
100 _aGuha, Ramachandra
245 _aInstitutions and Inequalities, Essays in Honour of Andre Beteille
260 _aNew Dlhi
_bOxford University Press
_c1999
300 _a302p
500 _aincludes index and biblioraphy
505 2 _aAcknowledgement, Notes
650 _aCaste-India
902 _bSRS
942 _cBK
999 _c9451
_d9451